| 000 | 00638nam a22001937a 4500 | ||
|---|---|---|---|
| 005 | 20150825111453.0 | ||
| 010 | _aENG-113358 | ||
| 020 |
_a9789383098866 _c1495.00 |
||
| 035 | _aEN-96890 | ||
| 037 | _bDBAD/PUB | ||
| 082 | _a954.11 | ||
| 100 | _aBasu, Shome | ||
| 245 |
_aShades of Kashmir : _blandscape, daily life, people, protest / _cby Shome Basu ; foreworded by Happymon Jacob |
||
| 260 |
_aNew Delhi _bNiyogi Books _c2015 |
||
| 270 |
_aD-78, Okhla Industrial Area, Phase-I, _bNew Delhi _e110020 |
||
| 300 |
_a176p. : _c25cm(Hb) _bb & w photos |
||
| 700 | _aJacob, Happymon | ||
| 942 |
_2ddc _cEN _mBAS _h954.11 |
||
| 999 |
_c94668 _d94668 |
||